[Event "BL2-Sued 0001"]
[Site "Germany"]
[Date "2001.02.18"]
[Round "6.5"]
[White "Carbonnel, Pierre"]
[Black "De Francesco, Klaus"]
[Result "1-0"]
[WhiteElo "2229"]
[BlackElo "2293"]
[PlyCount "85"]
[EventDate "2000.10.15"]
[EventType "team-tourn"]
[EventRounds "9"]
[EventCountry "GER"]
[SourceTitle "CBM 082 Extra"]
[Source "ChessBase"]
[SourceDate "2001.07.03"]
[SourceVersion "1"]
[SourceVersionDate "2001.07.03"]
[SourceQuality "1"]
[WhiteTeam "Viernheim"]
[BlackTeam "Pasing"]
[WhiteTeamCountry "GER"]
[BlackTeamCountry "GER"]

1. e4 e6 2. d4 d5 3. Nc3 Nf6 4. Bg5 Bb4 5. e5 h6 6. Bd2 Bxc3 7. bxc3 Ne4 8. Qg4 g6 9. Bd3 Nxd2 10. Kxd2 c5 11. Nf3 Bd7 12. h4 Qe7 13. dxc5 Qxc5 14. Nd4 Nc6 15. Qf4 Nxd4 16. cxd4 Qb4+ 17. Ke3 Qe7 18. Qf6 Qxf6 19. exf6 Bc6 20. Kf4 Kd7 21. Ke5 Rac8 22. Rab1 Rc7 23. h5 g5 24. Rh3 Rcc8 25. Rg3 b6 26. Rb4 Rcg8 27. f4 Kc7 28. c4 dxc4 29. Rxc4 Kb7 30. Bg6 Bd5 31. Rc2 gxf4 32. Rgc3 fxg6 33. f7 gxh5 34. fxg8Q Rxg8 35. Rc7+ Ka6 36. Rf7 Rxg2 37. Rxg2 Bxg2 38. Kxe6 f3 39. d5 h4 40. d6 h3 41. d7 h2 42. d8Q Bh3+ 43. Ke5 1-0

[Event "BL2-Sued 0001"]
[Site "Germany"]
[Date "2000.12.10"]
[Round "3.6"]
[White "Carbonnel, Pierre"]
[Black "Froehlich, Peter"]
[Result "0-1"]
[WhiteElo "2229"]
[BlackElo "2440"]
[PlyCount "92"]
[EventDate "2000.10.15"]
[EventType "team-tourn"]
[EventRounds "9"]
[EventCountry "GER"]
[SourceTitle "CBM 082 Extra"]
[Source "ChessBase"]
[SourceDate "2001.07.03"]
[SourceVersion "1"]
[SourceVersionDate "2001.07.03"]
[SourceQuality "1"]
[WhiteTeam "Viernheim"]
[BlackTeam "Stuttgart"]
[WhiteTeamCountry "GER"]
[BlackTeamCountry "GER"]

1. e4 c5 2. Nf3 d6 3. d4 cxd4 4. Nxd4 Nf6 5. Nc3 a6 6. Bg5 e6 7. f4 Qb6 8. Qd2 Qxb2 9. Rb1 Qa3 10. f5 Nc6 11. fxe6 fxe6 12. Nxc6 bxc6 13. Be2 Be7 14. e5 dxe5 15. Bxf6 Bxf6 16. Bh5+ g6 17. Ne4 0-0 18. 0-0 Bg7 19. Rxf8+ Qxf8 20. Bf3 Qe7 21. Qa5 Qa7+ 22. Kh1 Bd7 23. Qb6 Qxb6 24. Rxb6 a5 25. Rb7 Rd8 26. g4 Bc8 27. Rc7 Ba6 28. Ra7 Bc4 29. Rxa5 Bd5 30. Kg2 Rf8 31. g5 h6 32. h4 Rf4 33. Ra4 Kh8 34. Kg3 c5 35. Bg2 h5 36. Nxc5 Rxa4 37. Nxa4 Bxa2 38. Be4 Kh7 39. Nb6 Bf8 40. c4 Bb4 41. Kh3 Kg7 42. Bd3 Bb3 43. Nd7 e4 44. Be2 Bc2 45. Kg3 Ba4 46. Nb8 Bd6+ 0-1

[Event "BL2-Sued 0001"]
[Site "Germany"]
[Date "2000.11.12"]
[Round "2.8"]
[White "Loehr, Markus"]
[Black "Carbonnel, Pierre"]
[Result "0-1"]
[WhiteElo "2210"]
[BlackElo "2229"]
[PlyCount "69"]
[EventDate "2000.10.15"]
[EventType "team-tourn"]
[EventRounds "9"]
[EventCountry "GER"]
[SourceTitle "CBM 082 Extra"]
[Source "ChessBase"]
[SourceDate "2001.07.03"]
[SourceVersion "1"]
[SourceVersionDate "2001.07.03"]
[SourceQuality "1"]
[WhiteTeam "Schmiden Cannstatt"]
[BlackTeam "Viernheim"]
[WhiteTeamCountry "GER"]
[BlackTeamCountry "GER"]

1. d4 Nf6 2. c4 g6 3. Nc3 d5 4. Nf3 Bg7 5. Qb3 dxc4 6. Qxc4 0-0 7. Bf4 c6 8. e4 b5 9. Qb3 Be6 10. Qc2 Qa5 11. Bd3 Na6 12. Qd1 Nb4 13. Bb1 Bc4 14. Ne5 Nh5 15. Nxc4 bxc4 16. Bd2 e5 17. dxe5 Bxe5 18. 0-0 Nf4 19. Bxf4 Bxf4 20. Qe2 Qa6 21. Bc2 Rfd8 22. Rad1 Nd3 23. b3 Nb2 24. Rxd8+ Rxd8 25. Qf3 Be5 26. Nd1 Rd2 27. Nxb2 Bxb2 28. Bb1 c3 29. Qe3 Qe2 30. Qxa7 c2 31. Bxc2 Rxc2 32. a4 c5 33. a5 Bd4 34. Qb8+ Kg7 35. Qf4 0-1